| 000 | 00552nam a2200133Ia 4500 | ||
|---|---|---|---|
| 008 | 231129s9999||||xx |||||||||||||| ||spa|| | ||
| 020 | _a958-33-1989-9 | ||
| 040 | _bspa | ||
| 082 | _a307.760986148 P439r | ||
| 100 | _aPergolis Juan Carlos | ||
| 245 | 0 | _aRelatos de ciudades posibles: ciudad educadora y escuela: la practica significante | |
| 264 | _aInstituto para la investigacion educativa y el desarrollo pedagogico IDEP ; Fundacion para la investigacion y la difusion de la cultura urbana | ||
| 942 |
_2ddc _cBKS |
||
| 999 |
_c23944 _d23944 |
||